[Event "Steinfurt Bezirksklasse 1718"]
[Site "Germany"]
[Date "2017.10.07"]
[Round "1.3"]
[White "Reiche, Marco"]
[Black "Jarvers, Kathrin"]
[Result "0-1"]
[WhiteElo "1365"]
[BlackElo "1312"]
[PlyCount "52"]
[EventDate "2017.10.07"]
[EventType "team-tourn"]
[EventRounds "7"]
[EventCountry "GER"]
[SourceTitle "EXT 2019"]
[Source "ChessBase"]
[SourceDate "2018.10.10"]
[SourceVersion "1"]
[SourceVersionDate "2018.10.10"]
[SourceQuality "1"]
[WhiteTeam "Emsdetten Rochade VI"]
[BlackTeam "Rheine Klein Berlin III"]
[WhiteTeamCountry "GER"]
[BlackTeamCountry "GER"]

1. e4 e5 2. Nf3 Nc6 3. Nc3 Bc5 4. Bc4 d6 5. h3 Nf6 6. d3 h6 7. Rg1 a6 8. g4 g5 9. h4 Bxg4 10. hxg5 Nd4 11. gxf6 Nxf3+ 12. Kf1 Nh2+ 13. Ke1 Bxd1 14. Kxd1 Qxf6 15. Re1 Nf3 16. Nd5 Qd8 17. Rf1 c6 18. Nc3 Rg8 19. Be3 Rg1 20. Ke2 Rxf1 21. Rxf1 Nd4+ 22. Kd2 Qh4 23. a3 Qh3 24. Rd1 Nf3+ 25. Ke2 Bxe3 26. fxe3 Qg2# 0-1

[Event "Steinfurt Bezirksklasse 1415"]
[Site "Germany"]
[Date "2014.12.13"]
[Round "4.3"]
[White "Schroerluecke, Dieter"]
[Black "Reiche, Marco"]
[Result "1/2-1/2"]
[WhiteElo "1160"]
[BlackElo "1186"]
[PlyCount "45"]
[EventDate "2014.09.20"]
[EventType "team-tourn"]
[EventRounds "9"]
[EventCountry "GER"]
[SourceTitle "EXT 2016"]
[Source "ChessBase"]
[SourceDate "2015.10.08"]
[SourceVersion "1"]
[SourceVersionDate "2015.10.08"]
[SourceQuality "1"]
[WhiteTeam "Ibbenbueren III"]
[BlackTeam "Emsdetten Rochade V"]
[WhiteTeamCountry "GER"]
[BlackTeamCountry "GER"]

1. e4 e5 2. Nf3 Nc6 3. Bc4 Bc5 4. d3 h6 5. 0-0 Nf6 6. h3 d6 7. Nc3 0-0 8. a3 Be6 9. Bxe6 fxe6 10. Be3 Bb6 11. Bxb6 axb6 12. Ne2 d5 13. exd5 exd5 14. Ng3 Re8 15. Re1 Re6 16. Qd2 Qe7 17. Nf5 Qd7 18. N3h4 Rae8 19. Ng3 e4 20. dxe4 Nxe4 21. Nxe4 Rxe4 22. Rxe4 Rxe4 23. Nf3 1/2-1/2

[Event "Steinfurt Bezirksklasse 1314"]
[Site "Germany"]
[Date "2014.02.22"]
[Round "5.3"]
[White "Krumbeck, Holger"]
[Black "Reiche, Marco"]
[Result "1-0"]
[WhiteElo "1306"]
[BlackElo "1338"]
[PlyCount "79"]
[EventDate "2013.10.05"]
[EventType "team-tourn"]
[EventRounds "9"]
[EventCountry "GER"]
[SourceTitle "EXT 2015"]
[Source "ChessBase"]
[SourceDate "2014.11.20"]
[SourceVersion "1"]
[SourceVersionDate "2014.11.20"]
[SourceQuality "1"]
[WhiteTeam "Reckenfeld II"]
[BlackTeam "Emsdetten Rochade IV"]
[WhiteTeamCountry "GER"]
[BlackTeamCountry "GER"]

1. e4 e5 2. Nf3 Nc6 3. Bc4 Bc5 4. a3 Nf6 5. d3 h6 6. 0-0 0-0 7. Nc3 d6 8. Na4 Bb6 9. Nxb6 axb6 10. h3 Nd4 11. Nxd4 exd4 12. b4 Be6 13. Bxe6 fxe6 14. Bb2 e5 15. c3 dxc3 16. Bxc3 c5 17. bxc5 bxc5 18. Qb3+ Rf7 19. Ra2 Rb8 20. a4 b6 21. Rb1 Kf8 22. Rab2 Rfb7 23. Qc4 Qd7 24. Rb5 Nh5 25. Bd2 Nf6 26. Qa2 Qc6 27. R1b2 c4 28. Rc2 c3 29. Rxc3 Qd7 30. Qb2 Ne8 31. Rcb3 Qc6 32. Be3 Nf6 33. a5 Nd7 34. Rc3 Nc5 35. Bxc5 bxa5 36. Bxd6+ Qxd6 37. Rxb7 Rxb7 38. Qxb7 Qd4 39. Rc8+ Qd8 40. Rxd8# 1-0

[Event "Steinfurt Bezirksklasse 1213"]
[Site "Germany"]
[Date "2012.12.01"]
[Round "3.5"]
[White "Reiche, Marco"]
[Black "Schmidtke, Heinrich"]
[Result "1/2-1/2"]
[WhiteElo "1142"]
[BlackElo "1419"]
[PlyCount "32"]
[EventDate "2012.09.29"]
[EventType "team-tourn"]
[EventRounds "9"]
[EventCountry "GER"]
[SourceTitle "EXT 2015"]
[Source "ChessBase"]
[SourceDate "2014.11.20"]
[SourceVersion "1"]
[SourceVersionDate "2014.11.20"]
[SourceQuality "1"]
[WhiteTeam "Emsdetten Rochade IV"]
[BlackTeam "Nordwalde II"]
[WhiteTeamCountry "GER"]
[BlackTeamCountry "GER"]

1. e4 c5 2. Nf3 Nc6 3. d4 cxd4 4. Nxd4 Nf6 5. Nc3 d6 6. Bc4 e6 7. 0-0 Be7 8. h3 0-0 9. Nxc6 bxc6 10. Qf3 Nd7 11. Bd3 Rb8 12. e5 Nxe5 13. Qg3 Nxd3 14. cxd3 Ba6 15. Bh6 Bf6 16. Ne4 d5 1/2-1/2

[Event "Steinfurt Bezirksklasse 1112"]
[Site "Germany"]
[Date "2012.03.17"]
[Round "7.4"]
[White "Reiche, Marco"]
[Black "Wissing, Philipp"]
[Result "1-0"]
[WhiteElo "997"]
[BlackElo "1117"]
[PlyCount "33"]
[EventDate "2011.09.24"]
[EventType "team-tourn"]
[EventRounds "9"]
[EventCountry "GER"]
[SourceTitle "EXT 2013"]
[Source "ChessBase"]
[SourceDate "2012.11.22"]
[SourceVersion "1"]
[SourceVersionDate "2012.11.22"]
[SourceQuality "1"]
[WhiteTeam "Emsdetten Rochade IV"]
[BlackTeam "Emsdetten Turm IV"]
[WhiteTeamCountry "GER"]
[BlackTeamCountry "GER"]

1. e4 e5 2. Nf3 Nf6 3. Nc3 Nc6 4. Bc4 Nxe4 5. Bxf7+ Kxf7 6. Nxe4 d5 7. Nc3 Bg4 8. h3 Bh5 9. Nxe5+ Nxe5 10. Qxh5+ Ke6 11. 0-0 Qf6 12. Re1 Kd6 13. Nb5+ Kc6 14. Nd4+ Kc5 15. Rxe5 Kxd4 16. Rxd5+ Ke4 17. d3# 1-0

[Event "Steinfurt Bezirksklasse 1011"]
[Site "Germany"]
[Date "2011.05.14"]
[Round "9.6"]
[White "Reiche, Marco"]
[Black "Niering, Bernhard"]
[Result "1/2-1/2"]
[WhiteElo "904"]
[BlackElo "1197"]
[PlyCount "67"]
[EventDate "2010.09.25"]
[EventType "team-tourn"]
[EventRounds "9"]
[EventCountry "GER"]
[SourceTitle "EXT 2012"]
[Source "ChessBase"]
[SourceDate "2011.11.24"]
[SourceVersion "1"]
[SourceVersionDate "2011.11.24"]
[SourceQuality "1"]
[WhiteTeam "Emsdetten Rochade IV"]
[BlackTeam "Steinfurt IV"]
[WhiteTeamCountry "GER"]
[BlackTeamCountry "GER"]

1. e4 e6 2. Nf3 d6 3. Nc3 Ne7 4. Bc4 h6 5. 0-0 g6 6. d4 Bg7 7. Be3 0-0 8. a3 Nd7 9. Qe2 b6 10. b4 Bb7 11. Qd2 Kh7 12. Bd3 Ng8 13. a4 a5 14. bxa5 Rxa5 15. Nb5 Ndf6 16. Nc3 Qa8 17. Qe2 Nxe4 18. Nxe4 Bxe4 19. Bd2 Bxf3 20. Qxf3 Qxf3 21. gxf3 Ra7 22. c3 Rfa8 23. Be4 d5 24. Bc2 b5 25. c4 dxc4 26. Be4 Rd8 27. axb5 Rxa1 28. Rxa1 Bxd4 29. Ra4 Bb6 30. Ba5 Nf6 31. Bxb6 cxb6 32. Rxc4 Kg7 33. Rc6 Rb8 34. Kg2 1/2-1/2

[Event "Steinfurt Bezirksklasse 1011"]
[Site "Germany"]
[Date "2011.01.15"]
[Round "5.8"]
[White "Trappe, Michael"]
[Black "Reiche, Marco"]
[Result "1-0"]
[WhiteElo "1590"]
[BlackElo "904"]
[PlyCount "75"]
[EventDate "2010.09.25"]
[EventType "team-tourn"]
[EventRounds "9"]
[EventCountry "GER"]
[SourceTitle "EXT 2012"]
[Source "ChessBase"]
[SourceDate "2011.11.24"]
[SourceVersion "1"]
[SourceVersionDate "2011.11.24"]
[SourceQuality "1"]
[WhiteTeam "Reckenfeld II"]
[BlackTeam "Emsdetten Rochade IV"]
[WhiteTeamCountry "GER"]
[BlackTeamCountry "GER"]

1. e4 e5 2. Nf3 Nc6 3. Bb5 Nf6 4. d3 d6 5. c3 Bg4 6. Nbd2 Be7 7. Nf1 Bd7 8. Ne3 0-0 9. 0-0 a6 10. Ba4 Bg4 11. h3 Bh5 12. Nf5 Qd7 13. Ng3 Qe6 14. Bb3 Qd7 15. Nxh5 Nxh5 16. d4 Nf6 17. d5 Na5 18. Bc2 Nc4 19. Qe2 Qb5 20. Bd3 c6 21. Bxc4 Qb6 22. Rd1 cxd5 23. Bxd5 Nxd5 24. Rxd5 Rac8 25. Bg5 Rc7 26. Bxe7 Rxe7 27. Rad1 Rd8 28. Nh4 Re6 29. Nf5 g6 30. Ne3 Rf6 31. Nc4 Qc6 32. Nxe5 Qa4 33. b3 Qe8 34. Nc4 Qc6 35. e5 Rf5 36. Nxd6 Rg5 37. Qf3 Kf8 38. Qxf7# 1-0